Communes dans l'Agglomération de Nevers - Statistiques

Statistiques générales
  • Ce quiz a été pris 21 fois
  • Le résultat moyen est 7 sur 14
Statistiques - réponses
Commune Population % Correct
Varennes-Vauzelles 9 146
81%
Fourchambault 3 992
75%
Nevers 33 085
75%
Marzy 3 623
69%
Saint-Éloi 2 296
63%
Coulanges-lès-Nevers 3 688
56%
Garchizy 3 648
56%
Pougues-les-Eaux 2 401
50%
Challuy 1 453
44%
Sermoise-sur-Loire 1 486
44%
Gimouille 405
13%
Parigny-les-Vaux 964
13%
Saincaize-Meauce 358
13%
Germigny-sur-Loire 738
6%
Aucun quiz correspondant
Distribution des résultats
% des personnes avec chaque résultat
Percentile par nombre de réponses
Votre historique - résultats
Vous n’avez pas pris ce quiz